| Tag |
First Indicator |
Second Indicator |
Subfields |
| LEADER |
00000cam a22000001a 4500 |
| 001 |
in00003362012 |
| 006 |
m d f |
| 007 |
cr bn mmmapmmp |
| 008 |
100623m19911992dcu o f000 0 eng d |
| 005 |
20260501141104.4 |
| 035 |
|
|
|a cis2007884424
|
| 040 |
|
|
|a ProQuest
|c ProQuest
|d UtOrBLW
|
| 043 |
|
|
|a n-us---
|
| 099 |
|
|
|a CRS-1991-ECN-0063
|
| 110 |
2 |
|
|a Library of Congress.
|b Congressional Research Service.
|
| 245 |
1 |
0 |
|a Corporate Securities :
|b Marketplace Introduction.
|
| 264 |
|
1 |
|a [Place of publication not identified] :
|b [publisher not identified],
|c 1991-1992.
|
| 300 |
|
|
|a 1 online resource.
|
| 336 |
|
|
|a text
|b txt
|2 rdacontent
|
| 337 |
|
|
|a computer
|b c
|2 rdamedia
|
| 338 |
|
|
|a online resource
|b cr
|2 rdacarrier
|
| 500 |
|
|
|a Record is based on bibliographic data in ProQuest U.S. Congressional Research Digital Collection (last viewed June 2010). Reuse except for individual research requires license from ProQuest, LLC.
|
| 500 |
|
|
|a CRS Report.
|
| 520 |
|
|
|a Reviews selected aspects of domestic primary and secondary financial market practices, including issuance of corporate securities, differences between stocks and bonds, fee percentages by security type, middlemen and their roles, regulation of securities transactions, and factors affecting acceptance of new issues.
|
| 500 |
|
|
|a Electronic resource.
|
| 650 |
|
0 |
|a Corporations.
|
| 650 |
|
0 |
|a Fees, Professional.
|
| 650 |
|
0 |
|a Securities.
|
| 655 |
|
7 |
|a Electronic books.
|2 local
|
| 710 |
2 |
|
|a ProQuest (Firm)
|
| 776 |
0 |
8 |
|i Microfiche version:
|a Library of Congress. Congressional Research Service.
|t Corporate Securities
|
| 830 |
|
0 |
|a U.S. Congressional Research.
|
| 856 |
4 |
0 |
|u http://proxy.library.tamu.edu/login?url=https://congressional.proquest.com/congcomp/getdoc?CRDC-ID=CRS-1991-ECN-0063
|z Connect to the full text of this electronic book
|t 0
|
| 999 |
|
|
|a MARS
|
| 999 |
f |
f |
|s 6d7da869-09e2-3108-8493-b08dd344e3c8
|i e9557986-4517-3acb-86cb-278363025fd1
|t 0
|
| 952 |
f |
f |
|a Texas A&M University
|b College Station
|c Electronic Resources
|s www_evans
|d Available Online
|t 0
|e CRS-1991-ECN-0063
|h Other scheme
|
| 998 |
f |
f |
|a CRS-1991-ECN-0063
|t 0
|l Available Online
|